[Event "Dvorkovich Memorial Rapid 2018"]
[Site "Taganrog"]
[Date "2018.01.13"]
[Round "4.21"]
[White "Ivlev, Aleksey"]
[Black "Garkushin, Artem"]
[Result "1-0"]
[WhiteElo "2300"]
[BlackElo "2088"]
[Annotator "NA"]
[PlyCount "27"]
[EventDate "2018.??.??"]
[EventType "swiss"]
[EventCountry "RUS"]
[SourceTitle "playchess.com"]
[Source "ChessBase"]
[SourceQuality "1"]
[TimeControl "900+10"]

1. d4 {[%emt 0:00:00]} Nf6 {[%emt 0:00:01]} 2. c4 {[%emt 0:00:00]} c5 {[%emt 0:00:00]} 3. d5 {[%emt 0:00:00]} g6 {[%emt 0:00:00]} 4. Nc3 {[%emt 0:00:00]} Bg7 {[%emt 0:00:03]} 5. g3 {[%emt 0:00:03]} O-O {[%emt 0:00:00]} 6. Bg2 {[%emt 0:00:29]} d6 {[%emt 0:00:00]} 7. Nf3 {[%emt 0:00:00]} a6 {[%emt 0:00:00]} 8. O-O {[%emt 0:00:12]} e6 {[%emt 0:00:08]} 9. e4 {[%emt 0:00:21]} exd5 {[%emt 0:00:01]} 10. exd5 {[%emt 0:00:00]} Bg4 {[%emt 0:00:00]} 11. h3 {[%emt 0:00:01]} Bxf3 {[%emt 0:00:00]} 12. Qxf3 {[%emt 0:00:00]} Nbd7 {[%emt 0:00:00]} 13. Bf4 {[%emt 0:00:00]} Rb8 {[%emt 0:02:24]} 14. Be5 {[%emt 0:00:35]} 1-0

[Event "Dvorkovich Memorial Rapid 2018"]
[Site "Taganrog"]
[Date "2018.01.13"]
[Round "4.23"]
[White "Pshmahov, Osman"]
[Black "Musalov, Ruslan"]
[Result "1/2-1/2"]
[WhiteElo "2103"]
[BlackElo "2338"]
[Annotator "NA"]
[PlyCount "21"]
[EventDate "2018.??.??"]
[EventType "swiss"]
[EventCountry "RUS"]
[SourceTitle "playchess.com"]
[Source "ChessBase"]
[SourceQuality "1"]
[TimeControl "900+10"]

1. d4 {[%emt 0:00:00]} d6 {[%emt 0:00:00]} 2. e4 {[%emt 0:00:00]} e5 {[%emt 0:00:00]} 3. dxe5 {[%emt 0:00:00]} dxe5 {[%emt 0:00:00]} 4. Qxd8+ {[%emt 0:00:00]} Kxd8 {[%emt 0:00:01]} 5. Nc3 {[%emt 0:00:09]} Be6 {[%emt 0:00:14]} 6. Bg5+ {[%emt 0:00:00]} f6 {[%emt 0:00:39]} 7. O-O-O+ {[%emt 0:00:09]} Nd7 {[%emt 0:00:18]} 8. Be3 {[%emt 0:00:09]} Ne7 {[%emt 0:00:18]} 9. g3 {[%emt 0:00:10]} c6 {[%emt 0:00:04]} 10. Bh3 {[%emt 0:00:19]} Bxh3 {[%emt 0:00:13]} 11. Nxh3 {[%emt 0:00:03]} 1/2-1/2

[Event "Dvorkovich Memorial Rapid 2018"]
[Site "Taganrog"]
[Date "2018.01.13"]
[Round "4.24"]
[White "Kornyukov, Alexey"]
[Black "Ashrafzianov, Igor"]
[Result "1/2-1/2"]
[WhiteElo "2452"]
[BlackElo "2004"]
[Annotator "TA"]
[PlyCount "140"]
[EventDate "2018.??.??"]
[EventType "swiss"]
[EventCountry "RUS"]
[SourceTitle "playchess.com"]
[Source "ChessBase"]
[SourceQuality "1"]

{[%evp 23,140,47,58,18,8,11,13,0,0,0,14,33,143,38,30,26,120,135,232,245,235,222,339,182,170,149,140,140,129,131,208,176,315,29,343,200,393,240,355,348,677,-104,-108,-117,-117,-117,-120,-118,-120,-120,-119,-119,-120,-155,-38,-38,0,-151,-104,-110,-104,-104,-104,-104,-104,-104,-104,-104,-104,-104,-104,-104,-104,-110,-60,-60,-60,-60,-60,-60,0,-60,0,-60,-60,-60,-60,-60,-60,-60,-38,-38,-25,-25,-25,-25,-25,-32,-32,-32,-32,-32,-32,-33,-33,-33,-33,-33,-33,-33,-33,-33,-33,-33,0,-33,0,-33,0]} 1. d4 Nf6 2. c4 c5 3. d5 b5 4. cxb5 a6 5. bxa6 g6 6. Nc3 Bg7 7. e4 O-O 8. Be2 Qa5 9. Bd2 Bxa6 10. Nf3 d6 11. O-O Qb4 12. Bxa6 Nxa6 13. Qe2 $146 {A57: Benko/Volga Gambit} ({Predecessor:} 13. Qc2 Rfb8 14. Rfb1 c4 15. Nd4 Qc5 16. Nc6 Nb4 17. Nxb4 Qxb4 18. Ne2 Qc5 19. Be3 Qc7 20. Nd4 Ng4 {½-½ (49) Carstens,M (1669)-Frenzel,K (1301) Bad Zwischenahn 2003}) 13... Qxb2 14. Rab1 Qa3 $1 15. Rb3 {The position is equal.} Qa5 16. e5 dxe5 17. Nxe5 {And now Nc6 would win.} Rfe8 (17... Qc7 $14) 18. Rb7 (18. Nxf7 $1 $16 {Hoping for Qe6.} Kxf7 19. Ne4) 18... Nb4 $14 19. Nc6 $36 {[%mdl 2048] White is pushing.} Nxc6 (19... Qa6 $1 $11 {keeps the balance.} 20. Qxa6 (20. Nxe7+ Kf8 $11) 20... Rxa6) 20. dxc6 $16 Qa6 (20... Qd8 $16 {was necessary.}) 21. Qxa6 $1 $18 ({Not} 21. Rxe7 Qxc6 22. Rxe8+ Rxe8 $15) 21... Rxa6 22. c7 Rc6 (22... Raa8 {might work better.} 23. Rfb1 e6) 23. Nb5 (23. Rd1 $142) 23... Nd5 24. Rd1 Be5 {[%cal Re5c7]} 25. Ba5 e6 26. g3 Kg7 (26... c4 $16 {was called for.}) 27. f4 Bf6 (27... Bd4+ $142 28. Kh1 (28. Nxd4 cxd4 29. Rxd4 Ra8 $11) 28... Rh8) 28. h4 $2 (28. Na7 $18 Ra6 29. Rxd5 $1 {[%mdl 512]} exd5 30. Rb8) 28... Kf8 $2 {[%mdl 8192]} (28... c4 $1 $11) 29. Kh2 (29. Na7 $142 Bd4+ {[#]} 30. Rxd4 $1 {[%mdl 512]} Rxc7 31. Bxc7 cxd4 32. Bd6+ Kg8 33. Rb3) 29... h5 $2 (29... Ra6) 30. Kh3 c4 (30... Ra6 $142 31. Rb8 Nxc7 32. Bxc7 Rxb8 33. Bxb8 Rxa2 34. Bd6+ Be7 35. Bxe7+ Kxe7) 31. Na7 Ra6 $2 (31... Rc5 32. Rxd5 Rxc7 33. Rxc7 exd5) 32. Rb8 $2 (32. Rxd5 $18 exd5 33. Rb8) 32... Nxc7 $1 $17 33. Bxc7 {Strongly threatening Bd6+.} Rxa7 34. Bd6+ Be7 35. Bxe7+ Kxe7 {[%mdl 4096] Endgame KRR-KRR} 36. Rb4 Rc8 37. Rc1 c3 38. Rc2 Kd6 (38... Ra3 $17 39. Rd4 Rc6) 39. Rd4+ $1 $15 Ke7 {aiming for ...Rd7.} (39... Kc5 $5 {[%cal Rc5d4]} 40. Rxc3+ Kxd4 41. Rxc8 e5 42. fxe5 Kxe5 $15) 40. Rd3 $2 (40. Rb4 $1 $11) 40... Rc4 41. Kg2 Rca4 (41... Ra3 {with more complications.} 42. Kf3 Kf6 43. Rd7 Rc6 44. Ke4 Rc5) 42. Rdxc3 Rxa2 43. Rxa2 Rxa2+ $17 {KR-KR} 44. Kf3 Ra4 45. Rb3 Kf6 46. Rc3 Rb4 47. Ra3 Rb5 48. Rc3 e5 49. fxe5+ Rxe5 50. Rb3 Rf5+ 51. Ke3 Re5+ (51... Rd5 $15) 52. Kf4 ({White should try} 52. Kf3 $1 $11) 52... Rf5+ 53. Ke3 $1 Rc5 54. Kf3 Kf5 55. Ra3 Rb5 56. Rc3 f6 57. Ra3 g5 (57... Rd5 {feels hotter.} 58. Rc3 Ra5 59. Rb3 Ke5 60. Re3+ Kd6) 58. hxg5 fxg5 {[#]} 59. g4+ $1 {[%mdl 512]} hxg4+ 60. Kg3 Rc5 61. Rb3 Rd5 62. Ra3 Re5 63. Rb3 Re4 64. Rb5+ Kg6 65. Rb8 Ra4 66. Rc8 Kf5 67. Rf8+ Ke5 68. Re8+ Kf5 69. Rf8+ Ke5 70. Re8+ Kf5 {Precision: White = 58%, Black = 32%.} 1/2-1/2

[Event "Dvorkovich Memorial Rapid 2018"]
[Site "Taganrog"]
[Date "2018.01.13"]
[Round "4.26"]
[White "Kotenko, Pavel"]
[Black "Bogdanov, Rodion"]
[Result "1-0"]
[WhiteElo "2403"]
[BlackElo "1879"]
[Annotator "NA"]
[PlyCount "109"]
[EventDate "2018.??.??"]
[EventType "swiss"]
[EventCountry "RUS"]
[SourceTitle "playchess.com"]
[Source "ChessBase"]
[SourceQuality "1"]
[TimeControl "900+10"]

1. e4 {[%emt 0:15:00]} e5 {[%emt 0:15:10]} 2. Nf3 {[%emt 0:00:10]} d6 {[%emt 0:00:10]} 3. d4 {[%emt 0:00:10]} Nd7 {[%emt 0:00:10]} 4. Bc4 {[%emt 0:00:10]} exd4 {[%emt 0:00:10]} 5. Qxd4 {[%emt 0:00:10]} Qf6 {[%emt 0:00:10]} 6. Nc3 {[%emt 0:00:10]} Ne5 {[%emt 0:00:10]} 7. Nxe5 {[%emt 0:00:10]} dxe5 {[%emt 0:00:10]} 8. Qd3 {[%emt 0:00:00]} c6 {[%emt 0:00:00]} 9. Be3 {[%emt 0:00:00]} Qd6 {[%emt 0:00:20]} 10. O-O-O {[%emt 0:00:30]} Qxd3 {[%emt 0:00:00]} 11. Rxd3 {[%emt 0:00:10]} Nf6 {[%emt 0:00:20]} 12. Rhd1 {[%emt 0:00:10]} Be7 {[%emt 0:00:10]} 13. f3 {[%emt 0:00:10]} O-O {[%emt 0:00:10]} 14. a4 {[%emt 0:00:10]} b6 {[%emt 0:00:10]} 15. Ne2 {[%emt 0:00:10]} Be6 {[%emt 0:00:10]} 16. Bxe6 {[%emt 0:00:10]} fxe6 {[%emt 0:00:10]} 17. Bd2 {[%emt 0:00:10]} c5 {[%emt 0:00:10]} 18. c4 {[%emt 0:00:10]} Bd8 {[%emt 0:00:10]} 19. Bc3 {[%emt 0:00:10]} Bc7 {[%emt 0:00:10]} 20. Kc2 {[%emt 0:00:10]} Rfe8 {[%emt 0:00:10]} 21. R3d2 {[%emt 0:00:10]} Kf7 {[%emt 0:00:10]} 22. Nc1 {[%emt 0:00:10]} Ke7 {[%emt 0:00:10]} 23. Nd3 {[%emt 0:00:10]} Nd7 {[%emt 0:00:10]} 24. b4 {[%emt 0:00:10]} g5 {[%emt 0:00:10]} 25. Nxc5 {[%emt 0:00:10]} Nxc5 {[%emt 0:00:10]} 26. bxc5 {[%emt 0:00:10]} Red8 {[%emt 0:00:10]} 27. cxb6 {[%emt 0:00:10]} axb6 {[%emt 0:00:10]} 28. Kb3 {[%emt 0:00:10]} Rxd2 {[%emt 0:00:10]} 29. Rxd2 {[%emt 0:00:10]} Bd6 {[%emt 0:00:10]} 30. Bb4 {[%emt 0:00:10]} Bc5 {[%emt 0:00:10]} 31. Bc3 {[%emt 0:00:10]} Bd6 {[%emt 0:00:10]} 32. Ra2 {[%emt 0:00:10]} Kf6 {[%emt 0:00:10]} 33. a5 {[%emt 0:00:10]} bxa5 {[%emt 0:00:10]} 34. Rxa5 {[%emt 0:00:10]} Rb8+ {[%emt 0:00:10]} 35. Rb5 {[%emt 0:00:10]} Rc8 {[%emt 0:00:10]} 36. Bb4 {[%emt 0:00:10]} Bb8 {[%emt 0:00:10]} 37. Rb7 {[%emt 0:00:10]} h5 {[%emt 0:00:10]} 38. c5 {[%emt 0:00:10]} g4 {[%emt 0:00:10]} 39. Kc4 {[%emt 0:00:10]} gxf3 {[%emt 0:00:10]} 40. gxf3 {[%emt 0:00:10]} Bd6 {[%emt 0:00:10]} 41. Kb5 {[%emt 0:00:10]} Bf8 {[%emt 0:00:10]} 42. Rb6 {[%emt 0:00:10]} Rd8 {[%emt 0:00:10]} 43. c6 {[%emt 0:00:10]} Bxb4 {[%emt 0:00:10]} 44. Kxb4 {[%emt 0:00:10]} Rd2 {[%emt 0:00:10]} 45. Kc5 {[%emt 0:00:10]} Rc2+ {[%emt 0:00:10]} 46. Kd6 {[%emt 0:00:00]} Rd2+ {[%emt 0:00:00]} 47. Kc7 {[%emt 0:00:00]} Rxh2 {[%emt 0:00:00]} 48. Kb7 {[%emt 0:00:00]} Rc2 {[%emt 0:00:00]} 49. c7 {[%emt 0:00:00]} h4 {[%emt 0:00:00]} 50. c8=Q {[%emt 0:00:00]} Rxc8 {[%emt 0:00:00]} 51. Kxc8 {[%emt 0:00:00]} h3 {[%emt 0:00:00]} 52. Kd7 {[%emt 0:00:00]} h2 {[%emt 0:00:00]} 53. Rb1 {[%emt 0:00:00]} Kg5 {[%emt 0:00:00]} 54. Kxe6 {[%emt 0:00:00]} Kf4 {[%emt 0:00:00]} 55. Kd5 {[%emt 0:00:00]} 1-0

[Event "Dvorkovich Memorial Rapid 2018"]
[Site "Taganrog"]
[Date "2018.01.13"]
[Round "4.27"]
[White "Zubkov, Sergei"]
[Black "Chernyavsky, Alexander"]
[Result "0-1"]
[WhiteElo "2107"]
[BlackElo "2326"]
[Annotator "NA"]
[PlyCount "83"]
[EventDate "2018.??.??"]
[EventType "swiss"]
[EventCountry "RUS"]
[SourceTitle "playchess.com"]
[Source "ChessBase"]
[SourceQuality "1"]
[TimeControl "900+10"]

1. e4 {[%emt 0:00:00]} e6 {[%emt 0:00:12]} 2. d4 {[%emt 0:00:02]} d5 {[%emt 0:00:02]} 3. e5 {[%emt 0:00:00]} c5 {[%emt 0:00:03]} 4. c3 {[%emt 0:00:01]} Bd7 {[%emt 0:00:01]} 5. Nf3 {[%emt 0:00:03]} Qb6 {[%emt 0:00:09]} 6. Be2 {[%emt 0:00:02]} Bb5 {[%emt 0:00:00]} 7. O-O {[%emt 0:01:02]} Bxe2 {[%emt 0:00:40]} 8. Qxe2 {[%emt 0:00:03]} Nc6 {[%emt 0:00:05]} 9. Be3 {[%emt 0:00:19]} Nh6 {[%emt 0:00:28]} 10. dxc5 {[%emt 0:02:19]} Bxc5 {[%emt 0:00:03]} 11. Bxh6 {[%emt 0:00:02]} gxh6 {[%emt 0:00:02]} 12. b4 {[%emt 0:00:02]} Bf8 {[%emt 0:00:08]} 13. a4 {[%emt 0:00:23]} Bg7 {[%emt 0:00:57]} 14. Na3 {[%emt 0:00:30]} O-O {[%emt 0:02:05]} 15. a5 {[%emt 0:01:04]} Qc7 {[%emt 0:01:39]} 16. Nb5 {[%emt 0:00:51]} Qd7 {[%emt 0:00:05]} 17. Rad1 {[%emt 0:02:14]} a6 {[%emt 0:01:46]} 18. Nbd4 {[%emt 0:00:05]} Rac8 {[%emt 0:00:26]} 19. Rd3 {[%emt 0:01:01]} Ne7 {[%emt 0:03:15]} 20. h4 {[%emt 0:02:16]} Ng6 {[%emt 0:01:18]} 21. Qd2 {[%emt 0:01:49]} Nxe5 {[%emt 0:01:17]} 22. Nxe5 {[%emt 0:00:02]} Bxe5 {[%emt 0:00:02]} 23. Qxh6 {[%emt 0:00:01]} Kh8 {[%emt 0:00:08]} 24. Nf3 {[%emt 0:01:00]} Bg7 {[%emt 0:00:20]} 25. Qd2 {[%emt 0:02:04]} Rc4 {[%emt 0:00:30]} 26. Nd4 {[%emt 0:01:13]} e5 {[%emt 0:00:48]} 27. Nf3 {[%emt 0:00:03]} d4 {[%emt 0:01:16]} 28. Ng5 {[%emt 0:00:09]} h6 {[%emt 0:00:46]} 29. Ne4 {[%emt 0:00:01]} Qc6 {[%emt 0:00:05]} 30. Nc5 {[%emt 0:00:04]} f5 {[%emt 0:01:24]} 31. cxd4 {[%emt 0:00:22]} e4 {[%emt 0:00:01]} 32. Rb3 {[%emt 0:00:08]} Rxd4 {[%emt 0:00:03]} 33. Qe2 {[%emt 0:00:02]} f4 {[%emt 0:00:18]} 34. Qg4 {[%emt 0:00:01]} f3 {[%emt 0:00:18]} 35. Ne6 {[%emt 0:00:05]} Qd7 {[%emt 0:00:02]} 36. Qxg7+ {[%emt 0:00:03]} Qxg7 {[%emt 0:00:02]} 37. Nxg7 {[%emt 0:00:01]} Kxg7 {[%emt 0:00:09]} 38. b5 {[%emt 0:00:55]} Rf6 {[%emt 0:00:27]} 39. h5 {[%emt 0:00:07]} Rd5 {[%emt 0:00:10]} 40. bxa6 {[%emt 0:00:07]} bxa6 {[%emt 0:00:04]} 41. Rb7+ {[%emt 0:00:04]} Rf7 {[%emt 0:00:06]} 42. Rb3 {[%emt 0:00:38]} 0-1

[Event "Dvorkovich Memorial Rapid 2018"]
[Site "Taganrog"]
[Date "2018.01.13"]
[Round "4.28"]
[White "Tyurin, Artem"]
[Black "Nazaretyan, Tigran"]
[Result "0-1"]
[WhiteElo "1820"]
[BlackElo "2285"]
[Annotator "NA"]
[PlyCount "138"]
[EventDate "2018.??.??"]
[EventType "swiss"]
[EventCountry "RUS"]
[SourceTitle "playchess.com"]
[Source "ChessBase"]
[SourceQuality "1"]
[TimeControl "900+10"]

1. e4 {[%emt 0:00:00]} c5 {[%emt 0:00:00]} 2. Nf3 {[%emt 0:00:00]} Nc6 {[%emt 0:00:00]} 3. d4 {[%emt 0:00:00]} cxd4 {[%emt 0:00:01]} 4. Nxd4 {[%emt 0:00:00]} Nf6 {[%emt 0:00:01]} 5. Nc3 {[%emt 0:00:00]} d6 {[%emt 0:00:15]} 6. f3 {[%emt 0:02:14]} e5 {[%emt 0:00:00]} 7. Nb3 {[%emt 0:00:17]} Be7 {[%emt 0:00:05]} 8. Be2 {[%emt 0:00:12]} a5 {[%emt 0:00:17]} 9. a4 {[%emt 0:00:15]} O-O {[%emt 0:00:11]} 10. Be3 {[%emt 0:00:22]} Nb4 {[%emt 0:00:18]} 11. O-O {[%emt 0:00:04]} d5 {[%emt 0:00:56]} 12. exd5 {[%emt 0:00:40]} Bf5 {[%emt 0:00:30]} 13. Rc1 {[%emt 0:01:04]} Nfxd5 {[%emt 0:00:36]} 14. Nxd5 {[%emt 0:00:19]} Nxd5 {[%emt 0:00:04]} 15. Bd2 {[%emt 0:00:42]} Qb6+ {[%emt 0:01:05]} 16. Kh1 {[%emt 0:00:15]} Ne3 {[%emt 0:00:45]} 17. Bxe3 {[%emt 0:00:21]} Qxe3 {[%emt 0:00:02]} 18. Bb5 {[%emt 0:01:50]} Rfd8 {[%emt 0:00:52]} 19. Qe1 {[%emt 0:01:56]} Qxe1 {[%emt 0:01:21]} 20. Rfxe1 {[%emt 0:00:22]} Bg5 {[%emt 0:00:14]} 21. Ra1 {[%emt 0:00:27]} Bxc2 {[%emt 0:00:38]} 22. Nc5 {[%emt 0:00:00]} Rd2 {[%emt 0:04:18]} 23. Rxe5 {[%emt 0:00:52]} Bf6 {[%emt 0:00:34]} 24. Re2 {[%emt 0:01:03]} Rxe2 {[%emt 0:00:24]} 25. Bxe2 {[%emt 0:00:14]} b6 {[%emt 0:01:22]} 26. Rc1 {[%emt 0:00:51]} Bf5 {[%emt 0:00:25]} 27. Ne4 {[%emt 0:00:34]} Bxb2 {[%emt 0:00:17]} 28. Rc7 {[%emt 0:00:30]} Rc8 {[%emt 0:00:22]} 29. Rxc8+ {[%emt 0:00:28]} Bxc8 {[%emt 0:00:00]} 30. Bc4 {[%emt 0:00:27]} Bd7 {[%emt 0:00:17]} 31. Bb3 {[%emt 0:00:43]} Be5 {[%emt 0:00:33]} 32. Kg1 {[%emt 0:00:39]} b5 {[%emt 0:00:03]} 33. axb5 {[%emt 0:00:35]} Bxb5 {[%emt 0:00:07]} 34. Kf2 {[%emt 0:00:13]} a4 {[%emt 0:00:08]} 35. Ba2 {[%emt 0:00:00]} h6 {[%emt 0:00:28]} 36. g3 {[%emt 0:00:27]} a3 {[%emt 0:00:06]} 37. Ke3 {[%emt 0:00:07]} Kf8 {[%emt 0:00:29]} 38. f4 {[%emt 0:00:02]} Bc7 {[%emt 0:00:48]} 39. Kd4 {[%emt 0:00:23]} Bb6+ {[%emt 0:00:14]} 40. Kc3 {[%emt 0:00:05]} Bg1 {[%emt 0:00:07]} 41. h3 {[%emt 0:00:11]} Bf1 {[%emt 0:00:16]} 42. h4 {[%emt 0:00:28]} Bh2 {[%emt 0:00:52]} 43. Kb3 {[%emt 0:00:57]} f5 {[%emt 0:00:26]} 44. Nd6 {[%emt 0:00:21]} Bh3 {[%emt 0:00:19]} 45. Kxa3 {[%emt 0:00:31]} h5 {[%emt 0:00:33]} 46. Bb1 {[%emt 0:00:18]} g6 {[%emt 0:00:00]} 47. Kb3 {[%emt 0:00:01]} Bxg3 {[%emt 0:00:00]} 48. Kc4 {[%emt 0:00:05]} Bxf4 {[%emt 0:00:01]} 49. Kd5 {[%emt 0:00:11]} Bg3 {[%emt 0:00:23]} 50. Ke6 {[%emt 0:00:12]} Kg7 {[%emt 0:00:32]} 51. Nxf5+ {[%emt 0:00:20]} gxf5 {[%emt 0:00:13]} 52. Bxf5 {[%emt 0:00:11]} Bf1 {[%emt 0:00:23]} 53. Be4 {[%emt 0:00:13]} Bxh4 {[%emt 0:00:00]} 54. Kf5 {[%emt 0:00:02]} Bh3+ {[%emt 0:00:13]} 55. Kf4 {[%emt 0:00:00]} Kf6 {[%emt 0:00:09]} 56. Bf3 {[%emt 0:00:06]} Kg6 {[%emt 0:00:05]} 57. Be4+ {[%emt 0:00:05]} Kh6 {[%emt 0:00:01]} 58. Bf3 {[%emt 0:00:01]} Be6 {[%emt 0:00:05]} 59. Be4 {[%emt 0:00:09]} Bg4 {[%emt 0:00:04]} 60. Bf3 {[%emt 0:00:00]} Bc8 {[%emt 0:00:05]} 61. Bd5 {[%emt 0:00:34]} Be1 {[%emt 0:00:02]} 62. Bf3 {[%emt 0:00:07]} h4 {[%emt 0:00:18]} 63. Bg4 {[%emt 0:00:00]} Bg3+ {[%emt 0:00:09]} 64. Kf3 {[%emt 0:00:06]} Bb7+ {[%emt 0:00:00]} 65. Ke3 {[%emt 0:00:08]} Bg2 {[%emt 0:00:17]} 66. Bf3 {[%emt 0:00:04]} h3 {[%emt 0:00:02]} 67. Ke2 {[%emt 0:00:12]} Kg6 {[%emt 0:00:05]} 68. Ke3 {[%emt 0:00:06]} Kf5 {[%emt 0:00:03]} 69. Ke2 {[%emt 0:00:09]} Kf4 {[%emt 0:00:02]} 0-1

[Event "Dvorkovich Memorial Rapid 2018"]
[Site "Taganrog"]
[Date "2018.01.13"]
[Round "4.29"]
[White "Sarana, Alexey"]
[Black "Sjugirov, Sanan"]
[Result "0-1"]
[WhiteElo "2562"]
[BlackElo "2652"]
[Annotator "TA"]
[PlyCount "81"]
[EventDate "2018.??.??"]
[EventType "swiss"]
[EventCountry "RUS"]
[SourceTitle "playchess.com"]
[Source "ChessBase"]
[SourceQuality "1"]

{[%evp 14,81,18,22,25,24,22,6,39,20,22,25,56,42,45,45,46,49,62,14,14,12,26,13,8,28,26,18,20,33,30,-49,-47,-89,-89,-87,-91,-112,-137,-129,-123,-126,-125,-133,-134,-146,-145,-200,-204,-296,-296,-294,-273,-389,-289,-302,-304,-281,-286,-293,-292,-649,-543,-541,-540,-547,-520,-695,-552,-533]} 1. d4 Nf6 2. c4 e6 3. Nf3 d5 4. Nc3 Nbd7 5. Bf4 dxc4 6. e3 {[%cal Be2e3,Be3e4,Be4d5][%mdl 32]} Bd6 7. Bxd6 cxd6 8. Bxc4 {LiveBook: 7 Games} Nb6 $146 {D37: Queen's Gambit Declined: 5 Bf4} ({Predecessor:} 8... O-O 9. O-O a6 10. a4 b6 11. d5 e5 12. Nd2 Bb7 13. Qe2 Qe7 14. e4 g6 15. Rfc1 Nh5 16. g3 Ng7 17. Na2 a5 18. b4 axb4 19. Nxb4 Nc5 20. Bb5 f5 21. f3 h5 22. Nd3 {½-½ (22) Bacrot,E (2704)-Riazantsev,A (2671) Montpellier 2015}) 9. Bb3 Bd7 10. e4 Bc6 {The position is equal.} 11. Qd3 Qe7 12. O-O O-O 13. d5 exd5 14. exd5 Bd7 15. Rfe1 Qd8 16. Nd4 Re8 17. a4 a6 18. a5 Rxe1+ 19. Rxe1 Nc8 {[%cal Bb6c8,Bc8a7,Ba7b5,Bb5d4,Bd4b3][%mdl 32]} 20. Ne4 Nxe4 21. Qxe4 Na7 22. Bc2 (22. Bc4 $11) 22... g6 $15 23. b4 Qf6 {aiming for ...Re8.} 24. Qd3 {[#]} Rc8 $1 25. h3 Nb5 26. Ba4 {[%cal Rd4b5]} Rc3 27. Qd2 {Strongly threatening Bxb5.} Nxd4 28. Bxd7 Rc2 29. Qe3 Rb2 30. b5 (30. Bc8 $17) 30... axb5 $19 (30... Nxb5 31. Rc1 $17) 31. Bc8 (31. Rd1 $142 Ne2+ 32. Kh1) 31... Kg7 {[#] White must now prevent ...Nc2.} 32. Rd1 Nb3 ({Don't play} 32... Ne2+ 33. Kh2 $17) 33. Qb6 (33. Bxb7 $142 Nxa5 34. Ba6) 33... Nc5 34. Rf1 Qe7 35. Bxb7 Nxb7 ({But not} 35... Qxb7 36. Qxb7 Nxb7 37. a6 $19) 36. a6 Nc5 37. Ra1 $2 (37. Qa5 Nxa6 38. Qxa6) 37... Qf6 {Black is clearly winning.} 38. Rf1 Ra2 39. a7 {If only White now had time for Qb8....} Qe7 40. Qb8 Rxa7 41. Qxb5 {Precision: White = 48%, Black = 76%.} 0-1

[Event "Dvorkovich Memorial Rapid 2018"]
[Site "Taganrog"]
[Date "2018.01.13"]
[Round "6.1"]
[White "Paravyan, David"]
[Black "Sjugirov, Sanan"]
[Result "0-1"]
[WhiteElo "2603"]
[BlackElo "2652"]
[Annotator "TA"]
[PlyCount "87"]
[EventDate "2018.??.??"]
[EventType "swiss"]
[EventCountry "RUS"]
[SourceTitle "playchess.com"]
[Source "ChessBase"]
[SourceQuality "1"]

{[%evp 15,87,12,24,5,6,6,2,10,25,-7,7,12,11,5,0,0,25,-14,-11,-23,-14,-36,15,22,21,-4,0,-56,-58,-58,-45,-68,-72,-55,-52,-58,-66,-60,-46,-57,-56,-64,-53,-85,-75,-64,0,0,0,0,0,-37,40,32,39,0,0,-63,-32,-110,-118,-120,-118,-132,-132,-94,-136,-129,-104,-103,-115,-119,-119,-205]} 1. Nf3 d5 2. d4 Nf6 3. c4 e6 4. Nc3 Nbd7 5. cxd5 exd5 6. Qc2 c6 7. Bg5 Be7 8. e3 Nh5 9. h4 {D36: Queen's Gambit Declined: Exchange Variation: Main line (5 Bg5 c6 6 Qc2)} h6 10. Bxe7 Qxe7 11. Be2 {The position is equal.} Nhf6 12. O-O-O Nb6 13. Ne5 Be6 $146 ({Predecessor:} 13... h5 14. Kb1 Be6 15. Ka1 O-O-O 16. Na4 Kb8 17. Nxb6 axb6 {1-0 (67) Volkov,S (2637)-Ladron de Guevara Pinto,P (2414) Linares 2017}) 14. f4 {[%cal Bf2f4,Bf4f5][%mdl 32]} h5 15. f5 Bd7 16. Rhf1 O-O-O 17. Qb3 Be8 18. a4 Na8 (18... Kb8 $15) 19. a5 Nc7 20. Na4 Ne4 21. Bd3 ({Better is} 21. Kb1 $1 $11) 21... Nd6 $15 22. Nc5 f6 23. Nf3 $1 Bf7 24. Kb1 Ncb5 $1 25. Qb4 Rhe8 26. Rc1 Kb8 (26... Qxe3 $6 27. Rfe1 $16) 27. Rfe1 Rc8 28. Nd2 b6 29. Na4 {[#]} Kb7 $1 30. Qb3 bxa5 (30... Qd7 $15 31. Qb4 Qe7) 31. Nc5+ $11 Ka8 32. Qa4 Qc7 33. Ndb3 Qb6 (33... Nc4 $15) 34. Nxa5 $14 Re7 35. Ncb3 Be8 {Threatening ...Bd7.} 36. Rc5 (36. Nc5 $11) 36... Bd7 $15 37. Qb4 ({White should try} 37. Ka2 $15) 37... Rce8 $17 (37... Bxf5 $6 38. Bxf5 Nxf5 {[#]} 39. Nxc6 $1 $11 {[%mdl 512]}) (37... Nxf5 $6 38. Bxb5 cxb5 39. Rxd5 $11) 38. Rec1 {[%cal Ra5c6]} Rxe3 39. Bxb5 Nxb5 ({Much weaker is} 39... cxb5 $6 40. Rxd5 Bxf5+ 41. Ka1 $11) (39... Bxf5+ 40. Ka2 $16) 40. Nxc6 Bxc6 ({Reject} 40... Bxf5+ $6 41. Ka1 $11) 41. Rxc6 {[#]} Nc3+ $1 {[%mdl 512] Black is better.} 42. Qxc3 (42. bxc3 Qxc6) 42... Rxc3 43. R1xc3 Qb5 44. Nc1 {Precision: White = 45%, Black = 75%.} (44. Rc7 $17) 0-1

[Event "Dvorkovich Memorial Rapid 2018"]
[Site "Taganrog"]
[Date "2018.01.13"]
[Round "6.2"]
[White "Pridorozhni, Aleksei"]
[Black "Tunik, Gennady"]
[Result "1-0"]
[WhiteElo "2571"]
[BlackElo "2378"]
[Annotator "TA"]
[PlyCount "24"]
[EventDate "2018.??.??"]
[EventType "swiss"]
[EventCountry "RUS"]
[SourceTitle "playchess.com"]
[Source "ChessBase"]
[SourceQuality "1"]

{[%evp 17,24,11,8,-33,6,-2,0,-70,16]} 1. c4 Nf6 2. Nc3 e5 3. g3 d5 4. cxd5 Nxd5 5. Bg2 Nb6 6. d3 Be7 7. Be3 O-O 8. Rc1 Kh8 {A22: Englische Eröffnung} (8... Re8 9. Qc2 Bf8 10. a3 c6 11. Nf3 N8d7 12. O-O Nf6 13. b4 Bf5 14. Rfd1 h6 15. Ne4 Rc8 16. Bc5 Bxe4 17. dxe4 {½-½ (39) Ding,L (2777)-Harikrishna,P (2744) Huaian 2017}) 9. a3 f5 {LiveBook: 4 Partien} 10. Na4 N8d7 $146 (10... Nc6 $5) ({Vorgänger:} 10... Bd6 11. Nc5 c6 12. Nf3 Nd5 13. Bg5 Nf6 14. O-O Qe7 {½-½ (68) Zemerov,V (2430)-Lengyel,B (2320) Budapest 1995}) 11. Nf3 Nd5 12. O-O (12. Bd2 $11) 12... c6 {[%mdl 32768] Loss on Time!?} (12... Nxe3 $15 13. fxe3 c6) 1-0